000
00235nam a22000977a 4500
999
_c
16177
_d
16177
003
OSt
008
200615b ||||| |||| 00| 0 eng d
100
_a
Walter Clyde Curry
_9
4596
245
_a
Chaucer and the Mediaeval Sciences
942
_c
BK